Cambio de paradigma en la educación básica /

محفوظ في:
التفاصيل البيبلوغرافية
التنسيق: كتاب
اللغة:الإسبانية
منشور في: México : Instituto de Fomento e Investigación Educativa, 2000, c2000
الموضوعات:
الوسوم: إضافة وسم
لا توجد وسوم, كن أول من يضع وسما على هذه التسجيلة!

MARC

LEADER 00000nam^a2200000^a^4500
001 000111777
005 20250521000000.0
009 20260310093844.597
037 |a Acervo ITESO - Biblioteca 
041 |a ESP 
082 |a 372. 9720640  |b CAM 
245 1 0 |a Cambio de paradigma en la educación básica /  |c Pref. de Francisco Mendoza Trejo. 
264 4 |a México :  |b Instituto de Fomento e Investigación Educativa,  |c 2000, c2000 
300 |a 68 p. 
336 |a texto  |b txt  |2 rdacontenido 
337 |a sin mediación  |b n  |2 rdamedio 
338 |a volumen  |b nc  |2 rdasoporte 
649 |a XX 
650 |a Educación Primaria -  |z México -  |x Historia -  |y 1994-2000 
650 |a Evaluación Educativa 
650 |a Modernización Educativa 
650 |a Reforma Educativa 
650 |a Política Educativa -  |z México 
650 |a Educación y Política 
650 |a Sociología de la Educación 
910 |a Fondo General 
920 |a Impresos - Libros 
930 |a Colección General 
905 |a 101 
901 |a 0500046808  |b IT1  |c ACC  |u 20250521 
902 |a https://opac.biblio.iteso.mx/vufind/Record/000111777